MARC

LEADER 00000nam0a2200000 4500
001 24214
005 20231101205609.0
010 |a 5784400258 
035 |a (RuTPU)RU\TPU\book\24441 
035 |a BOOK00024514 
090 |a 24214 
100 |a 20011209d1999 k y0rusy50 ca 
101 0 |a rus 
102 |a RU 
105 |a a z 001zy 
200 1 |a Атлас типовых моделей карбонатных резервуаров нефти и газа европейской части России  |f Н. К. Фортунатова [и др.] 
210 |a Москва  |c РЭФИА  |d 1999 
215 |a 194 с.  |c ил. 
320 |a Библиогр.: с. 190-192 
606 |a Карбонатные породы  |x Коллекторы газа  |2 stltpush  |3 (RuTPU)RU\TPU\subj\13841  |9 40391 
606 |a Карбонатные породы  |x Коллекторы нефти  |2 stltpush  |3 (RuTPU)RU\TPU\subj\13842  |9 40392 
610 1 |a геология 
610 1 |a нефть 
610 1 |a газ 
610 1 |a резервуары 
610 1 |a месторождения 
610 1 |a классификация 
610 1 |a модели 
610 1 |a атласы 
675 |a 552.578.2.061.4:552.54(084)  |v 3 
701 1 |a Фортунатова  |b Н. К.  |g Наталья Константиновна 
701 1 |a Швец-Тэнэта-Гурий  |b А. Г.  |g Александр Георгиевич 
701 1 |a Агафонова  |b Г. В.  |g Галина Валентиновна 
701 1 |a Баранова  |b А. В.  |g Анна Викторовна 
801 0 |a RU  |b 63413507  |c 20011209  |g PSBO 
801 2 |a RU  |b 63413507  |c 20180219  |g PSBO 
942 |c BK